Very short-range forecasting : observations, methods, and systems /

Bibliographic Details
Main Author: Bodin, Svante
Corporate Author: World Meteorological Organization
Format: Book
Language:English
Published: Geneva, Switzerland : Secretariat of the World Meteorological Organization, 1983.
Series:World Weather Watch planning report ; no. 38.
WMO (Series) ; no. 621.
Subjects:

MARC

Tag First Indicator Second Indicator Subfields
LEADER 00000cam a2200000 a 4500
001 in00001239921
005 20151003062630.0
008 840910s1983 sz a b i000 0 eng d
020 |a 9263106215 (pbk.) 
035 |a (OCoLC)11134958 
035 |9 AGS8301AM 
040 |a OLA  |c OLA  |d CLU  |d TXA  |d UtOrBLW 
041 0 |a eng  |b eng  |b fre  |b spa  |b rus 
049 |a TXAM 
090 |a QC851  |b .W69 no.38 
100 1 |a Bodin, Svante. 
245 1 0 |a Very short-range forecasting :  |b observations, methods, and systems /  |c by S. Bodin. 
264 1 |a Geneva, Switzerland :  |b Secretariat of the World Meteorological Organization,  |c 1983. 
300 |a 56 pages :  |b illustrations (some color) ;  |c 30 cm. 
336 |a text  |b txt  |2 rdacontent 
337 |a unmediated  |b n  |2 rdamedia 
338 |a volume  |b nc  |2 rdacarrier 
490 1 |a World weather watch planning report ;  |v no. 38 
490 1 |a WMO ;  |v no. 621 
500 |a Summary in English, French, Russian, and Spanish. 
504 |a Bibliography: pages 53-56. 
650 0 |a Weather forecasting. 
710 2 |a World Meteorological Organization. 
830 0 |a World Weather Watch planning report ;  |v no. 38. 
830 0 |a WMO (Series) ;  |v no. 621. 
948 |a Serial (ABJ0312) recataloged as monograph by FP. 11/95;ra 
999 |a MARS 
999 f f |s f244d0e3-59dc-3b1a-98c2-285ddf7698b6  |i d761837b-c294-3a7c-b5a5-746542ad8200  |t 0 
952 f f |p ric  |a Texas A&M University  |b Rellis Campus  |c Joint Library Facility  |d Remote Storage  |t 0  |e QC851 .W69 no.38  |h Library of Congress classification  |i unmediated -- volume  |m A14809686622 
998 f f |a QC851 .W69 no.38  |t 0  |l Remote Storage